Ten Richest Sporting Events in the World - Statistics

General Stats
  • This quiz has been taken 508 times
  • The average score is 5 of 10
Answer Stats
Number Sport Money Event % Correct
3 Football (Soccer) $31 million FIFA World Cup
95%
10 Cricket $4 million ICC Cricket World Cup
93%
4 American Football (Football) $15.5 million The Super Bowl
80%
1 Football (Soccer) $77 million UEFA Champions League
74%
5 Baseball $14.8 million The World Series
57%
8 Football (Soccer) $9 million UEFA Europa League
31%
2 Football (Soccer) $33 million UEFA European Championships
23%
6 Golf $10 million FedEx Cup
10%
9 Poker $8.7 million The World Series of Poker
7%
7 Horse Racing $10 million The Dubai World Cup Night
4%
No matching quizzes found
Score Distribution
Percent of People with Each Score
Percentile by Number Answered
Your Score History
You have not taken this quiz